Príručka k prijímacím skúškam z matematiky na STU v Bratislave

Bibliographic Details
Main Authors: Širáň, Jozef, 1954- (Author), Kalužný, Ján, 1947- (Author), Belan, Anton (Author), Marko, Ľubomír, 1952- (Author), Mišík, Ladislav (Author), Pekárková, Ružena (Author), Vaculíková, Ľudmila (Author)
Format: Book
Language:Slovak
PhysicalDescription:133 s. 21 cm
Published: V Bratislave Slovenská technická univerzita 2001
ISBN:8022715034
Subjects:

MARC

LEADER 00000nam a2200000 a 4500
001 vtls001424898
003 SK-MaSNL
005 20260301202552.0
008 240226s2001 xo r slo
015 |a SNBA2002/03-00811 
020 |a 8022715034  |q (brožované) 
035 |a SNK000379780 
035 |a urn:nbn:sk:snk-amknov 
035 |a urn:nbn:sk:snk-am0030wx 
035 |a 1713655B-036E-43B8-856D-0C5B69C99FC6 
040 |a SNK  |b slo  |c SNK  |e AACR2 
041 0 |a slo 
044 |a xo  |c SK 
080 |a 51(075.4)  |2 1981 
245 0 0 |a Príručka k prijímacím skúškam z matematiky na STU v Bratislave  |c [autori: Jozef Širáň ... [et al.]] 
260 |a V Bratislave  |b Slovenská technická univerzita  |c 2001 
300 |a 133 s.  |c 21 cm 
366 |e 8500 kusov 
610 2 7 |a Slovenská technická univerzita v Bratislave  |2 SNKKA  |9 239337 
650 0 7 |a matematika  |2 SNKPH  |9 70174 
650 0 7 |a prijímacie skúšky  |2 SNKPH  |9 1229 
655 7 |a príručky  |2 SNKPH  |9 74364 
700 1 |a Širáň, Jozef,  |d 1954-  |4 aut  |9 211953 
700 1 |a Kalužný, Ján,  |d 1947-  |4 aut  |9 38931 
700 1 |a Belan, Anton  |4 aut  |9 584793 
700 1 |a Marko, Ľubomír,  |d 1952-  |4 aut  |9 195122 
700 1 |a Mišík, Ladislav  |4 aut  |9 390363 
700 1 |a Pekárková, Ružena  |4 aut  |9 9162 
700 1 |a Vaculíková, Ľudmila  |4 aut  |9 41835 
752 |a Slovensko  |d Bratislava 
919 |a 80-227-1503-4 
958 |a TL 
999 |c 899302  |d 901232 
952 |t P60, <03>, [BOOK], {603}  |a SNK  |b SNK  |y PREZ  |7 0  |p 17A0324175  |o snkSC 106621  |i snkKSP 13298/2001  |0 0  |1 0  |4 0  |d 2001-11-23  |f 1  |l 0  |r 2025-09-26 00:00:00  |w 2026-02-24 
952 |a SNK  |b SNK  |y VYP  |7 0  |p 17A0324176  |o snkSC 106621 D1  |i snkKSP 13299/2001  |0 0  |1 0  |4 0  |d 2001-11-23  |l 0  |r 2005-01-02 00:00:00  |w 2026-02-24